| 000 | 02090cam a22004694i 4500 | ||
|---|---|---|---|
| 003 | PE-LiUPU | ||
| 005 | 20250731172856.0 | ||
| 008 | 160929s2011 pe a r 000 0 spa d | ||
| 035 | _a(Sirsi) a163863 | ||
| 040 |
_aPE-LiUPU _bspa _cPE-LiUPU _erda |
||
| 049 | _aPRUA | ||
| 082 | 0 | 4 |
_a252 _bE84 _220 |
| 110 | 1 |
_aMisión global de la ISA, _eautor. |
|
| 245 | 1 | 0 |
_aEsperanza 111/ _cMisión global de la ISA. |
| 264 | 1 |
_aLima Perú : _bJOB, _2011. |
|
| 300 |
_a96 páginas : _bilustaciones ; _c21 centimetros |
||
| 336 |
_atext _2rdacontent |
||
| 337 |
_aunmediated _2rdamedia |
||
| 338 |
_avolume _2rdacarrier |
||
| 505 | 0 | _aCuadros de temas de esperanza 111 -- Programa modelo -- La crisis en el hogar moderno -- El secreto de la felicidad matrimonal -- El horóscopo infalible -- Cómo vencer las preocupaciones -- Salvemos a nuestros hijos -- El cumpleaños de la madre de Adán -- La boda de caná -- Cómo ser felices en un mundo angustiado -- El plan de Dios para la salud -- Señales de alerta del fin del mundo -- Él volverá -- La armonía entre la ley y la gracia -- ¿Qué debo hacer para ser salvo? -- Cuatro peligros estafadores -- La milagrosa transformación de la pecadora. | |
| 526 | _aSEG42 | ||
| 526 | _aSEG41 | ||
| 526 | _aSEG40 | ||
| 526 | _aSEG39 | ||
| 526 | _aP94 | ||
| 526 | _aP87 | ||
| 526 | _aP86 | ||
| 526 | _aP85 | ||
| 526 | _aP77 | ||
| 526 | _aP76 | ||
| 526 | _aP35 | ||
| 650 | 0 | 4 |
_aFamilia. _91496 |
| 650 | 0 | 4 |
_aEvangelismo. _9953 |
| 650 | 0 | 4 | _aIglesia Adventista. |
| 910 |
_ajck _bjos _cjck _d20160929 |
||
| 942 |
_2ddc _cBOOK |
||
| 949 |
_a252 E84 _wDEWEY _c1 _i74720 _lCATALOGING _mBUL _p4.00 _r0 _sY _tBOOK _u2016-09-29 _xTEOLOGIA _PP35 _0COMPRA _o.CIRCNOTE. El documento es de alto precio. _o.STAFF. Colección Teología |
||
| 264 | 1 | _a**REQUIRED FIELD** | |
| 596 | _a1 | ||
| 999 |
_a252 E84 _wDEWEY _c12720 _i74720 _d12720 _e2022-6-20 _f2021-11-10 _g5 _lCCODEBUL1 _mBUL _n12 _p4.00 _q3 _r0 _sY _tBOOK _u2016-9-29 _xTEOLOGIA _PP35 _0COMPRA _o.STAFF. Colección Teología |
||
| 980 |
_81 _gALBERTO SANCHEZ Responsable de Automatización |
||